| 000 | 00721nam a2200193 4500 | ||
|---|---|---|---|
| 001 | 144749 | ||
| 003 | ES-MaACL | ||
| 005 | 20230906201105.0 | ||
| 007 | t| | ||
| 008 | 070214s1916 sp r ||||1| spa d | ||
| 100 | 1 |
_aSiurot, Manuel. _9106717 |
|
| 245 | 1 | 1 | _aDiscurso pronunciado por Don Manuel Siurot en el Teatro Llorens de Sevilla, en la tarde del 15 de Abril de 1916, por encargo del Ateneo de dicha ciudad. |
| 260 |
_aHuelva : _b[s. n.], _c1916 ( _fImp. Muñoz) |
||
| 300 |
_a32 p., 1 h. de lám. ; _c24 cm. |
||
| 500 | _aCon retr. del aut. | ||
| 594 | _aPrecede al título: Tercer Centenario de la muerte de Miguel de Cervantes Saavedra. | ||
| 710 | 2 |
_aAteneo de Sevilla. _92028 |
|
| 852 |
_aES-MaACL _j1515-F-6 |
||
| 999 |
_c144749 _d144749 |
||